Návrh koncepcie personálneho marketingu so zameraním na marketingovú komunikáciu v podniku HF Slovakia a.s., Dubnica nad Váhom

Enregistré dans:
Détails bibliographiques
Auteur principal: Prekopová, Lucia (Auteur)
Autres auteurs: Cagala, Matúš (Directeur de thèse)
Format: Manuscrit Livre
Langue:slovaque
Publié: 2024
Sujets:
Accès en ligne:http://is.stuba.sk/zp/portal_zp.pl?podrobnosti=172668
Tags: Ajouter un tag
Pas de tags, Soyez le premier à ajouter un tag!

MARC

LEADER 00000ntm a22000003a 4500
001 stuzp97931
003 SK-STU
005 20240629211622.6
007 ta
008 150427s2015----xo-----f-mn---000-0-slo-d
040 |a STU  |b slo 
041 0 |a slo 
100 1 |a Prekopová, Lucia  |u 064000  |4 aut  |U MTF Materiálovotechnologická fakulta  |T MTF Ústav priemyselného inžinierstva a manažmentu  |X 116491  |U M4000  |Y 84  |7 116491 
242 0 1 |a Proposal of the personal marketing concept with a focus on marketing communication in company HF Slovakia a.s., Dubnica nad Váhom  |y eng 
245 1 0 |a Návrh koncepcie personálneho marketingu so zameraním na marketingovú komunikáciu v podniku HF Slovakia a.s., Dubnica nad Váhom 
260 |c 2024 
650 4 |a marketing  |2 slo 
650 4 |a externý personálny marketing  |2 slo 
650 4 |a personálny marketing  |2 slo 
650 4 |a personálny marketingový mix  |2 slo 
650 4 |a marketingová komunikácia  |2 slo 
650 4 |a interný personálny marketing  |2 slo 
650 4 |a marketing  |2 eng 
650 4 |a marketing communication  |2 eng 
650 4 |a personnel marketing  |2 eng 
650 4 |a personnel marketing mix  |2 eng 
650 4 |a internal personnel marketing  |2 eng 
650 4 |a external personnel marketing  |2 eng 
700 1 |a Cagala, Matúš  |u 064000  |k Z3  |4 ths  |U MTF Materiálovotechnologická fakulta  |T MTF Ústav priemyselného inžinierstva a manažmentu  |X 85364  |U M4000  |Y 84  |7 85364 
856 4 |u http://is.stuba.sk/zp/portal_zp.pl?podrobnosti=172668 
996 |c M* BP-9827  |l MMSKP  |s P  |a 0  |w stuzp97931_0001